| 000 | 00496nam a2200181Ia 4500 | ||
|---|---|---|---|
| 008 | 240925s9999 xx 000 0 und d | ||
| 020 | _a672227428 | ||
| 082 | _a005.133 BAR | ||
| 100 | _aBarkakati, Nabajyoti | ||
| 245 | 4 | _aThe Waite Groups Turbo C++ Bible | |
| 250 | _aNA | ||
| 260 |
_aLondon: _bPrentice, Hall _c,1992. |
||
| 300 |
_a1282p. _bNA _fPhotocopy |
||
| 500 | _aIncludes Index | ||
| 600 | _aComputer Science | ||
| 650 | _aComputer science, information & general works | ||
| 942 | _cBK | ||
| 999 |
_c3414 _d3414 |
||